Bebe Rexha - All Your Fault: Pt. 1 - Statistics

General Stats
  • This quiz has been taken 1 time
  • The average score is 5 of 6
Answer Stats
2017 All Your Fault: Pt. 1 % Correct
1 Atmosphere
100%
6 Bad Bitch (feat. Ty Dolla $ign)
100%
4 F.F.F. (feat. G-Eazy)
100%
5 Gateway Drug
100%
2 I Got You
100%
3 Small Doses
0%
No matching quizzes found
Score Distribution
Percent of People with Each Score
Percentile by Number Answered
Your Score History
You have not taken this quiz